| 000 | 00900nac a22002171u 4500 | ||
|---|---|---|---|
| 010 | _a2002020151 | ||
| 020 | _a8130900882 | ||
| 020 | _a8130900882 | ||
| 082 | 0 | 0 |
_a338.900684 _bP8713 |
| 090 |
_c1199 _d1199 |
||
| 100 | _aPotts, David, | ||
| 245 | 1 | 0 |
_aProject planning and analysis for development / _cDavid Potts. |
| 260 |
_aNew Delhi : _bViva books private limited. _c2002. |
||
| 300 |
_axi, 377 p. : _bill. ; _c24 cm. |
||
| 504 | _aIncludes bibliographical references (p. 357-365) and index. | ||
| 650 | 0 |
_aEconomic development projects _zDeveloping countries _xPlanning. |
|
| 650 | 0 | _aProject management. | |
| 856 | 4 | 1 |
_3Table of contents _uhttp://www.loc.gov/catdir/toc/fy034/2002020151.html |
| 942 |
_cBB _k338.900684P8713 |
||
| 999 |
_c1199 _d1199 |
||